000 01318cam a22003737a 4500
003 CHAP
005 20220329142632.0
008 010920d2001 mx r 00110 spa d
010 _a85931
011 _a86903
035 _a97443
040 _cCHAP
090 _aTesis
100 0 0 _aCauich Perera, William Gabriel
_920581
245 1 0 _aAspectos básicos en el diseño de tuberías de descarga en plantas de bombeo para riego y agua potable
_c/por William Gabriel Cauich Perera
260 _aChapingo, Méx. :
_bEl autor,
_c2002.
300 _a128 h. :
_bilus.
502 _aTesis (Ing. en Irrigación) -- UACH. Departamento de Irrigación
590 _aALEPH
_b10
_c20130110
_lUCH01
_h1447
590 _aBATCH-UPD
_b10
_c20130110
_lUCH01
_h1109
590 _aBATCH-UPD
_b10
_c20130410
_lUCH01
_h0701
590 _aBATCH-UPD
_b10
_c20130914
_lUCH01
_h0656
590 _aCONVERSION
_b10
_c20130109
_lUCH01
_h1348
650 0 4 _aIrrigación.
_960366
650 1 4 _aAgua
_xDistribucion.
_92366
650 1 4 _aBombas mecánicas.
_913622
650 1 4 _aConductividad hidráulica.
_926345
650 1 4 _aTuberías.
_9115476
901 _aBK
905 _aAlejandra Carrasco M.
942 _cFOLL
949 _aTesis
_bBC
_cTES
_d33724000867412
_eTS2
_fc.2
_h39508
_i97443
_sb
949 _aTesis
_bBC
_cTES
_d974431
_eTS1
_h39507
_i97443
_sb
999 _c85931
_d85931